| 000 | 00456nam a2200145Ia 4500 | ||
|---|---|---|---|
| 003 | OSt | ||
| 005 | 20240404125827.0 | ||
| 008 | 230125s9999 xx 000 0 und d | ||
| 082 |
_a891.4414 _bMUKO |
||
| 100 | _aMukhopadhyay, Tapati &Majumder, Uma, eds. | ||
| 245 | 0 | _aOccasional Paper- 8: Celebrating the centenary of the award and hand over of the Nobel prize to Rabindranath Tagore | |
| 260 |
_bRaj Bhavan _c2014 _aKolkata |
||
| 300 | _a28p | ||
| 942 |
_cBK _2ddc |
||
| 999 |
_c141 _d141 |
||